000 00223 a2200097 4500
001 25247
100 _aFinningan, J
245 _aIndustrial Training Management
260 _a
_bBusiness Books Ltd.
_c
090 _c17016
_d17016
942 _aNUST-CAE
_cM
_c7799
999 _c260320
_d260320